000 01237cam a2200421Ma 4500
001 93415
005 20230410132922.0
008 080617c19779999sp ab 001 0 spa d
035 _a(OCoLC)ocn318420943
040 _aZZAND
_bspa
_cZZAND
_dESUDE
020 _a842493525X
020 _a9788424934828
035 _a(OCoLC)318420943
041 1 _aspa
_hgre
043 _ae-gr---
050 1 4 _aB 171
_bB582 1977
049 _aGRAL
100 0 _aHeródoto,
_d484-425 a.C.
130 1 _aBiblioteca Clásica Gredos
245 1 0 _aHistoria :
_bLibros I-II /
_cHeródoto ; traducción y notas de Carlos Schader.
260 _aMadrid :
_bGredos,
_c1977
300 _a502 p. :
_bil., mapas ;
_c19 cm.
440 0 _aColección clásica Gredos ;
_vn.3
500 _aIncluye índice de nombres.
505 0 _aLibro tercero: Talía ; Libro cuarto: Melpómene.
650 0 _aPhilosophy, Classical.
650 0 _aPhilosophy, Ancient.
650 0 _aPhilosophers, Ancient
_xBiography
650 1 7 _aHistoria antigua.
651 7 _aGrecia
_xHistoria.
650 0 4 _aHistoria Antigua.
740 0 2 _aTalía.
740 0 2 _aMelpómene.
942 _2lcc
_cbk
946 _amjcruz
994 _aC0
_bDRFGD
999 _c90168
_d90168